Ballon d'Or 1979 - Statistiken

Allgemein
  • Dieses Quiz wurde 30 mal gespielt
  • Das Durchschnittsergebnis liegt bei 10 aus 32
Antwortstatistiken
Platz Spieler Verein/e Nation Punkte % Korrekt
1. Kevin Keegan Hamburger SV England 118
86%
2. Karl-Heinz Rummenigge FC Bayern München Deutschland 52
79%
13. Paul Breitner FC Bayern München Deutschland 6
72%
27. Hansi Müller VfB Stuttgart Deutschland 1
69%
15. Hans Krankl FC Barcelona Österreich 5
59%
5. Michel Platini AS Nancy/AS Saint-Étienne Frankreich 23
59%
9. Zbigniew Boniek Widzew Lódz Polen 8
52%
11. Allan Simonsen Borussia Mönchengladbach/FC Barcelona Dänemark 7
48%
21. Bruno Pezzey Eintracht Frankfurt Österreich 2
48%
4. Manfred Kaltz Hamburger SV Deutschland 27
48%
11. Kenny Dalglish FC Liverpool Schottland 7
45%
19. Uli Stielike Real Madrid Deutschland 4
45%
6. Paolo Rossi LR Vicenza/AC Perugia Italien 16
41%
27. Ronnie Hellström 1.FC Kaiserslautern Schweden 1
34%
15. Tony Woodcock Nottingham Forest/1.FC Köln England 5
28%
27. Antonín Panenka Bohemians Prag 1905 Tschechoslowakei 1
24%
20. Marius Trésor Olympique Marseille Frankreich 3
21%
3. Ruud Krol Ajax Amsterdam Niederlande 41
21%
27. Walter Schachner FK Austria Wien Österreich 1
14%
21. Franco Causio Juventus Turin Italien 2
10%
15. Johnny Rep SC Bastia/AS Saint-Étienne Niederlande 5
10%
7. Liam Brady FC Arsenal Irland 13
10%
21. René van de Kerkhof PSV Eindhoven Niederlande 2
10%
15. Safet Susic FK Sarajevo Jugoslawien 5
10%
9. Zdenek Nehoda Dukla Prag Tschechoslowakei 8
7%
21. Joao Alves Benfica Lissabon/Paris Saint-Germain Portugal 2
3%
27. Trevor Brooking West Ham United England 1
3%
7. Trevor Francis Nottingham Forest/Detroit Express England 13
3%
21. Gordon McQueen Manchester United Schottland 2
0%
27. Juan Manuel Asensi FC Barcelona Spanien 1
0%
13. Kees Kist AZ Alkmaar Niederlande 6
0%
21. Simon Tahamata Ajax Amsterdam Niederlande 2
0%
Keine übereinstimmenden Quizze gefunden
Verteilung der Resultate
Anzahl Personen mit jedem Resultat
Perzentil nach korrekt beantworteten Fragen
Ihre Resultats-Entwicklung
Sie haben dieses Quiz noch nicht gespielt